La reflexión cotidiana: Hacia una arqueología de la experiencia.
Guardado en:
| Autor principal: | |
|---|---|
| Formato: | Libro |
| Lenguaje: | español |
| Publicado: |
Santiago, Chile:
Ediciones Universidad Diego Portales,
2013.
|
| Edición: | Primera edición en Ediciones UDP. |
| Colección: | Colección Pensamiento Contemporáneo.
|
| Materias: | |
| Etiquetas: |
Agregar Etiqueta
Sin Etiquetas, Sea el primero en etiquetar este registro!
|
MARC
| LEADER | 00000cam a2200000 a 4500 | ||
|---|---|---|---|
| 001 | UCF8723 | ||
| 003 | CL-VaPUC | ||
| 005 | 20250321101909.0 | ||
| 008 | 131004t20130000cl |||||||||||||||||spa|d | ||
| 999 | |c 353284 |d 353282 | ||
| 020 | |a 978-956-314-226-6 | ||
| 040 | |c Pontificia Universidad Católica de Valparaíso | ||
| 082 | 0 | 4 | |a 128.3 GIA 2013 |2 21 |
| 100 | |a Giannini Iñiguez, Humberto |e autor |9 582349 | ||
| 245 | 1 | 3 | |a La reflexión cotidiana: |b Hacia una arqueología de la experiencia. |
| 250 | |a Primera edición en Ediciones UDP. | ||
| 260 | |a Santiago, Chile: |b Ediciones Universidad Diego Portales, |c 2013. | ||
| 300 | |a 363 páginas. | ||
| 490 | 0 | |a Colección Pensamiento Contemporáneo. | |
| 500 | |a c.7-c.10. Instituto Arcos.08-01-2025. | ||
| 583 | |a last modification |c 20140225 04:15:42 |k Rodrigo Vera | ||
| 650 | 0 | |a Comunicación |9 257251 |x Filosofía | |
| 650 | 0 | |a Filosofía del lenguaje |9 257082 | |
| 650 | 0 | |a Experiencia |9 308852 | |
| 942 | |c BK |2 ddc |n 0 | ||
| 945 | |d 20131004 22:02:00 |a cmena | ||
| 952 | |0 0 |1 0 |3 erb |4 0 |6 128_300000000000000_GIA_2013 |7 0 |8 R |9 458412 |a BIBGIM |b BIBGIM |d 2019-11-23 |i 501462K |l 9 |m 3 |o 128.3 GIA 2013 |p 501462K |r 2025-04-09 |s 2025-04-07 |w 2019-11-23 |y BK_R |z Catalogado en:20131004 |k SSL | ||
| 952 | |0 0 |1 0 |3 erb |4 0 |6 128_300000000000000_GIA_2013 |7 0 |8 R |9 458413 |a BIBGIM |b BIBGIM |d 2019-11-23 |i 5014638 |l 16 |m 1 |o 128.3 GIA 2013 |p 5014638 |r 2025-04-03 |s 2025-03-31 |w 2019-11-23 |y BK_R |z Catalogado en:20131004 |k SSL | ||
| 952 | |0 0 |1 0 |3 erb |4 0 |6 128_300000000000000_GIA_2013 |7 0 |8 R |9 458414 |a BIBGIM |b BIBGIM |d 2019-11-23 |i 5014646 |l 9 |m 3 |o 128.3 GIA 2013 |p 5014646 |r 2025-03-24 |s 2025-03-10 |w 2019-11-23 |y BK_R |z Catalogado en:20131004 |k SSL | ||
| 952 | |0 0 |1 0 |2 ddc |3 erb |4 0 |6 128_300000000000000_GIA_2013 |7 0 |8 R |9 458415 |a BIBGIM |b BIBGIM |d 2019-11-23 |i 5014654 |l 14 |o 128.3 GIA 2013 |p 5014654 |r 2025-04-03 |s 2025-04-02 |w 2019-11-23 |y BK_R |z Catalogado en:20131004 |k SSL | ||
| 952 | |0 0 |1 0 |3 erb |4 0 |6 128_300000000000000_GIA_2013 |7 0 |8 R |9 458416 |a BIBGIM |b BIBGIM |i 5056802 |l 19 |m 6 |o 128.3 GIA 2013 |p 5056802 |r 2025-03-31 |s 2025-03-24 |w 2019-11-23 |y BK_R |z Catalogado en:20140307 |k SSL | ||
| 952 | |0 0 |1 0 |3 erb |4 0 |6 128_300000000000000_GIA_2013 |7 0 |8 A |9 458417 |a BIBTEO |b BIBTEO |i 5403375 |l 3 |o 128.3 GIA 2013 |p 5403375 |r 2025-03-18 |s 2025-03-11 |w 2019-11-23 |y BK |z Catalogado en:20170630 |k ICR | ||
| 952 | |0 0 |1 0 |2 ddc |4 0 |6 128_300000000000000_GIA_2013 |7 0 |8 A |9 600435 |a BIBINC |b BIBINC |d 2025-02-05 |e Instituto Arcos |i 5665345 |o 128.3 GIA 2013 |p 5665345 |r 2025-02-05 |t 7 |w 2025-02-05 |y BK |k IFP | ||
| 952 | |0 0 |1 0 |2 ddc |4 0 |6 128_300000000000000_GIA_2013 |7 0 |8 A |9 600436 |a BIBINC |b BIBINC |d 2025-02-05 |e Instituto Arcos |i 5665346 |o 128.3 GIA 2013 |p 5665346 |r 2025-02-05 |t 8 |w 2025-02-05 |y BK |k IFP | ||
| 952 | |0 0 |1 0 |2 ddc |4 0 |6 128_300000000000000_GIA_2013 |7 0 |8 A |9 600658 |a BIBINC |b BIBINC |d 2025-02-05 |e Instituto Arcos |i 5665570 |o 128.3 GIA 2013 |p 5665570 |r 2025-03-06 |t 9 |w 2025-02-05 |y BK |k IFP | ||
| 952 | |0 0 |1 0 |2 ddc |4 0 |6 128_300000000000000_GIA_2013 |7 0 |8 A |9 600659 |a BIBINC |b BIBINC |d 2025-02-05 |e Instituto Arcos |i 5665571 |o 128.3 GIA 2013 |p 5665571 |r 2025-03-06 |t 10 |w 2025-02-05 |y BK |k IFP | ||